MARC

LEADER 00000nas a2200000 a 4500
001 ssj0000070820
003 WaSeSS
005 20200512172242.0
006 m d
007 cr n
008 080812c19949999sp mr p s 0 0spa c
010 |a  2009252924 
022 |a 2254-2043  |l 1137-2427 
035 |a (WaSeSS)ssj0000070820 
040 |a SFB  |b eng  |c SFB  |d WAU  |d OCLCQ  |d OCLCF  |d CUS  |d OCLCQ  |d GPM  |d OCLCQ  |d WaSeSS 
042 |a pcc 
043 |a e-sp--- 
050 1 4 |a HV6005 
210 0 |a Bol. criminol.  |b (Internet) 
222 0 |a Boletín criminológico  |b (Internet) 
245 0 0 |a Boletín criminológico  |h [electronic resource]. 
260 |a Málaga :  |b Sección de Málaga del IAIC, Edificio Institutos de Investigación, Universidad de Málaga 
310 |a Monthly 
362 1 |a Began with: No. 1 (junio 1994). 
506 |a License restrictions may limit access. 
588 |a Description based on: No. 1 (junio 1994); title from journal information page (publisher's Web site, viewed July 23, 2009). 
588 |a Latest issue consulted: No. 117 (nov./dic. 2009) (publisher's Web site, viewed Jan. 20, 2010.). 
650 0 |a Criminology  |v Periodicals. 
650 7 |a Criminology.  |2 fast  |0 (OCoLC)fst00883566 
655 0 |a Electronic journals. 
710 2 |a Instituto Andaluz Interuniversitario de Criminología.  |b Sección de Málaga. 
776 0 8 |i Print version:  |t Boletín criminológico  |x 1137-2427 
856 4 0 |z Full text available from Research Library: 01/01/2013 to present  |u https://search.proquest.com/publication/2032240